[Event "Regionalliga SW 0405"]
[Site "Bayern"]
[Date "2005.04.10"]
[Round "9.4"]
[White "Grau, Harald"]
[Black "Koch, Enrico"]
[Result "0-1"]
[WhiteElo "2050"]
[BlackElo "2053"]
[PlyCount "100"]
[EventDate "2004.10.24"]
[EventType "team-tourn"]
[EventRounds "9"]
[EventCountry "GER"]
[SourceTitle "EXT 2007"]
[Source "ChessBase"]
[SourceDate "2006.11.23"]
[SourceVersion "1"]
[SourceVersionDate "2006.11.23"]
[SourceQuality "1"]
[WhiteTeam "Muenchen Schwabing/Nord II"]
[BlackTeam "Muenchen Tarrasch II"]
[WhiteTeamCountry "GER"]
[BlackTeamCountry "GER"]

1. d4 d5 2. Nf3 Nf6 3. c4 c6 4. Nc3 e6 5. e3 Nbd7 6. Bd3 Bb4 7. 0-0 0-0 8. a3 Bd6 9. e4 dxe4 10. Nxe4 Nxe4 11. Bxe4 e5 12. Qc2 exd4 13. Bxh7+ Kh8 14. Bg5 f6 15. Bh4 c5 16. Bf5 Ne5 17. Nxe5 Bxe5 18. Rad1 Qc7 19. Bg3 Bxg3 20. hxg3 Bxf5 21. Qxf5 Rae8 22. Rc1 Kg8 23. Qd5+ Rf7 24. Rfe1 Rd8 25. Qe6 b6 26. g4 Qd7 27. Qe4 Rff8 28. b4 Rfe8 29. Qg6 Rxe1+ 30. Rxe1 d3 31. Rd1 Qd4 32. bxc5 bxc5 33. Re1 Qd7 34. Qf5 d2 35. Rd1 Qa4 36. Qe6+ Kf8 37. Qe2 Qxa3 38. Kh2 Qc1 39. g5 fxg5 40. Qf3+ Kg8 41. Qe2 Qc2 42. Kg3 a5 43. Qe6+ Kf8 44. Rh1 Qd3+ 45. f3 Qd6+ 46. Qxd6+ Rxd6 47. Rd1 a4 48. Kf2 a3 49. Ke2 a2 50. g3 Ke7 0-1

[Event "Regionalliga SW 0405"]
[Site "Bayern"]
[Date "2004.10.24"]
[Round "1.6"]
[White "Demir, Bilal"]
[Black "Grau, Harald"]
[Result "1-0"]
[WhiteElo "1983"]
[BlackElo "2050"]
[PlyCount "61"]
[EventDate "2004.10.24"]
[EventType "team-tourn"]
[EventRounds "9"]
[EventCountry "GER"]
[SourceTitle "EXT 2007"]
[Source "ChessBase"]
[SourceDate "2006.11.23"]
[SourceVersion "1"]
[SourceVersionDate "2006.11.23"]
[SourceQuality "1"]
[WhiteTeam "Unterhaching"]
[BlackTeam "Muenchen Schwabing/Nord II"]
[WhiteTeamCountry "GER"]
[BlackTeamCountry "GER"]

1. d4 Nf6 2. Nc3 d5 3. Bg5 e6 4. e4 dxe4 5. Nxe4 Be7 6. Bxf6 Bxf6 7. Nf3 0-0 8. c3 Nd7 9. Bd3 b6 10. Qc2 g6 11. 0-0-0 Qe7 12. h4 Bb7 13. h5 c5 14. dxc5 Nxc5 15. Nxc5 bxc5 16. Rh3 c4 17. Bxc4 Rac8 18. Bd3 Bxf3 19. Rxf3 Bg5+ 20. Kb1 Kg7 21. Bb5 Rfd8 22. Rfd3 Rxd3 23. Qxd3 Rc7 24. hxg6 hxg6 25. Rh1 Qc5 26. Qh3 Rc8 27. Bd3 Rb8 28. Qh7+ Kf6 29. Rh3 Ke7 30. Rf3 Rf8 31. Qg7 1-0

[Event "Regionalliga SW 0001"]
[Site "Bayern"]
[Date "2000.10.15"]
[Round "1.8"]
[White "Grau, Harald"]
[Black "Englert, Jan"]
[Result "1/2-1/2"]
[WhiteElo "1885"]
[BlackElo "2000"]
[PlyCount "38"]
[EventDate "2000.10.15"]
[EventType "team-tourn"]
[EventRounds "9"]
[EventCountry "GER"]
[SourceTitle "EXT 2020"]
[Source "ChessBase"]
[SourceDate "2019.10.17"]
[SourceVersion "1"]
[SourceVersionDate "2019.10.17"]
[SourceQuality "1"]
[WhiteTeam "Muenchen 77 Nord"]
[BlackTeam "Garching"]
[WhiteTeamCountry "GER"]
[BlackTeamCountry "GER"]

1. c4 e6 2. Nc3 d5 3. d4 c6 4. Nf3 Nf6 5. e3 Nbd7 6. Bd3 Bd6 7. 0-0 dxc4 8. Bxc4 0-0 9. e4 e5 10. Bg5 h6 11. Bh4 a6 12. Bb3 Qe7 13. dxe5 Nxe5 14. Nxe5 Bxe5 15. f4 Bxc3 16. bxc3 Qc5+ 17. Bf2 Qh5 18. e5 Qxd1 19. Raxd1 Ne4 1/2-1/2